01827nam a2200385 i 4500003000900000005001700009007000300026008004100029020001800070040003000088082001400118245025100132264003300383300005100416336002700467337003300494338002800527490001900555500002800574504002600602590002700628700003800655700005000693700005000743700004300793700004300836700004700879700004800926910001400974942001400988952013801002952014401140952014001284999001701424DO-SdBNP20240426135342.0ta240426s2023 dr ac 000 0 spa d a9789945179842 aDO-SdBNPbspacBNPHUerda 222bF723i00aFormación integral humana y religiosa 2 :beducación secundaria. /cdirección editorial Anna Rogero, Denise Pineda Martínez : fotografías Alberto Reyes Ríos, Jaime Vicario, Javier Calbet, Yolanda Álvarez, Fernando Favoretto y otros  1aSanto Domingo, :bSM,c2023. a126 páginasbilustraciones, retratosc28 cm. 2rdacontentatextobtxt 2rdamediaasin mediaciónbn 2rdacarrieravolumenbnc1 aSer y saberv2 aEducación secundaria  aBibliografía p: 126 aInventariado, 2024/ YL1 aRogero, Annaedirección 9306561 aPineda Martínez, Deniseedirección9748371 aReyes Ríos, Alberto efotografías 9853381 aVicario, Jaime efotografías 9453391 aCalbet, Javier efotografías 9853391 aÁlvarez, Yolanda efotografías 9853401 aFavoretto, Fernando efotografías 985342 aYLockward 2ddccLBS1 00102ddc51708CIJ-PDaBNPHUbBNPHUcCTd2023-09-22eDeposito Legall0oBNPHU CIJ-PD F723ip2024-2549r2024-04-26w2024-04-26yLBS1 00102ddc51708CIJ-PDaBNPHUbBNPHUcCTd2023-09-22eDeposito Legall0oBNPHU CIJ-PD F723ip2024-2550r2024-04-26te. 2w2024-04-26yLBS1 00102ddc56708DSaBNPHUbBNPHUcCTd2023-09-22eDeposito Legall0oBNPHU CIJ-DS F723ip2024-2551r2024-04-26te. 3w2024-04-26yLBS1 c56531d56531